Places in Cambridgeshire - sudden death - Statistics

General Stats
  • This quiz has been taken 57 times
  • The average score is 10 of 24
Answers on the Grid
Answers color-coded by a green-red scale on the quiz's grid according to % correct below.
Oxford
Singapore
Peterborough
August
March
Bristol
Ely
AstraZeneca HQ
Birkenhead
Lincoln
Wisbech
North sea coastline
Stilton
Huntingdon
Cheltenham
Yaxley
The Fens
Pink Floyd's home town
Coatbridge
Chelmsford
St. Neots
Littleport
Stephen Hawking's birthplace
Port Dickson
Land below sea level
Camberley
Royston
Chatteris
Nelson's birthplace
Australind
Soham
Two Egg
Douglas Adams' birthplace
Cambourne
Birthplace of Edward II
Manea
Adamstown
Godmanchester
RAF Alconbury
Swastika
Vodafone HQ
Haverhill
Warboys
Cromwell's birthplace
St. Ives
Half Tree Hollow
Horbury
Papworth Everard
 
Answer Stats
Answer % Correct
Ely
94%
March
86%
Peterborough
81%
Wisbech
75%
St. Neots
72%
The Fens
64%
Huntingdon
58%
Soham
44%
AstraZeneca HQ
42%
Godmanchester
39%
Holme Fen, the lowest point of land in Britain Land below sea level
39%
St. Ives
39%
Cambridge Pink Floyd's home town
36%
Cambourne
33%
Warboys
33%
RAF Alconbury
31%
Chatteris
28%
Papworth Everard
28%
Littleport
25%
Yaxley
25%
Manea
22%
Huntingdon Cromwell's birthplace
19%
However, the cheese is made in the North Midlands Stilton
19%
Cambridge Douglas Adams' birthplace
6%
No matching quizzes found
Score Distribution
Percent of People with Each Score
Percentile by Number Answered
Your Score History
You have not taken this quiz